The Only National Basketball Association (NBA) Team... - Statistics

General Stats
  • This quiz has been taken 129 times
  • The average score is 13 of 30
Answer Stats
Hint Answer % Correct
...that has played in the NBA Finals six times and won the championship each time. Bulls
75%
...that has won the NBA championship a record 18 times. Celtics
75%
...that the all-time NBA assists leader ever played for, dishing out 15,806 assists over his 19 seasons with the team. Jazz
73%
...that is based in Canada. Raptors
73%
...that had a 50-year drought between their two NBA titles in 1971 and 2021. Bucks
70%
...that has the strongest home court advantage in major North American sports due to the elevation of its court. Nuggets
63%
...that was sold to a new owner in 2014 when the previous owner was banned from the NBA for life over racist remarks. Clippers
58%
...that relocated to another city for two seasons following a natural disaster in their home state in 2005. Pelicans
58%
...that had its head coach arrested in 2025 due to allegations of illegal gambling. Trail Blazers
55%
...whose team name was selected from finalists that also included Vice, Sharks, and Palm Trees. Heat
52%
...that doesn’t include a state, city or borough name in their official team name. Warriors
52%
...that won 33 consecutive games during the 1971-72 season, the longest win streak in North American professional sports history. Lakers
49%
....that reclaimed their team name from another team. Hornets
46%
...that is more than 1000 miles from the current range of its namesake animal. Grizzlies
42%
...that advanced to the 1986 NBA Finals with two 7'+ forwards known as "The Twin Towers." Rockets
42%
...that has a dragon named “Puff” as its mascot. Magic
40%
...whose team name rhymes with two other major pro sports teams in the same metropolitan area. Nets
40%
...that originated as a franchise in Fort Wayne, Indiana, and which has lost 28 consecutive games in a single season. Pistons
37%
...that has featured both the shortest (Muggsy Bogues 5'3") and tallest (Manute Bol & Gheorghe Muresan 7'7") players in NBA history. Wizards
36%
...that Is the only major pro sports team in their state/province. Thunder
33%
...that was based in Moline, Illinois; Milwaukee, Wisconsin; and St. Louis, Missouri; before relocating to their current city in 1968. Hawks
31%
...that has been in existence since 1923 (starting as the Rochester Seagrams of the National Basketball League). Kings
31%
...whose mascot was created by accident when a man in a gorilla suit showed up at a game in 1980 to deliver a singing telegram, but ended up dancing during a timeout instead - much to the delight of the crowd. Suns
31%
...that won the first of their 3 NBA championships as the Syracuse Nationals in 1955. 76ers
27%
...that played the Toronto Huskies in the inaugural NBA game on November 1, 1946. Knicks
27%
...that undertakes an extended "Rodeo Road Trip" every February when their home venue hosts a livestock show and rodeo. Spurs
25%
...that won 3 ABA championships prior to joining the NBA. Pacers
19%
...that clenched their first playoff series in 1976 in a game 7 victory over the Washington Bullets known as "The Miracle of Richfield." Cavaliers
12%
...that had a home attendance of over 1 million in their inaugural season of 1989-90, when they played their games in a multipurpose domed football/baseball stadium. Timberwolves
12%
...that has the longest home sellout streak in NBA history - 815 games between December 15, 2001 and February 12, 2020. Mavericks
10%
No matching quizzes found
Score Distribution
Percent of People with Each Score
Percentile by Number Answered
Your Score History
You have not taken this quiz